Essais. (Registro nro. 19420)
[ vista simple ]
| 000 -CABECERA | |
|---|---|
| campo de control de longitud fija | 00889cam a22002411 4500 |
| 001 - NÚMERO DE CONTROL | |
| campo de control | 000019907 |
| 005 - FECHA Y HORA DE LA ÚLTIMA TRANSACCIÓN | |
| campo de control | 20200929170203.0 |
| 008 - DATOS DE LONGITUD FIJA--INFORMACIÓN GENERAL | |
| campo de control de longitud fija | 771220m19411942fr b 000 0 fre |
| 010 ## - NÚMERO DE CONTROL DE LA BIBLIOTECA DEL CONGRESO | |
| Número de control de LC | 45033904 |
| 040 ## - FUENTE DE LA CATALOGACIÓN | |
| Centro catalogador/agencia de origen | DO-SdBNP |
| Centro/agencia transcriptor | ICU |
| Centro/agencia modificador | ICU |
| -- | DLC |
| 050 00 - SIGNATURA TOPOGRÁFICA DE LA BIBLIOTECA DEL CONGRESO | |
| Número de clasificación | PQ1641 |
| Número de documento/Ítem | .A1 1941 |
| 082 00 - NÚMERO DE LA CLASIFICACIÓN DECIMAL DEWEY | |
| Número de clasificación | 344.31 |
| 100 1# - ENTRADA PRINCIPAL--NOMBRE DE PERSONA | |
| Nombre de persona | Montaigne, Michel de, |
| Fechas asociadas al nombre | 1533-1592. |
| 9 (RLIN) | 2852 |
| 245 00 - MENCIÓN DE TÍTULO | |
| Título | Essais. |
| 250 ## - MENCIÓN DE EDICIÓN | |
| Mención de edición | Nouv. ed., conforme au texte de l'exemplaire de Bordeaux; |
| Resto de la mención de edición | avec les additions de l'edition posthume, les principales variantes, une introduction, des notes et un index par Marice Rat ... |
| 260 ## - PUBLICACIÓN, DISTRIBUCIÓN, ETC. | |
| Lugar de publicación, distribución, etc. | Paris, : |
| Nombre del editor, distribuidor, etc. | Garnier freres, |
| Fecha de publicación, distribución, etc. | [1941-42]. |
| 300 ## - DESCRIPCIÓN FÍSICA | |
| Extensión | 3 v. ; |
| Dimensiones | 19 cm. |
| 490 0# - MENCIÓN DE SERIE | |
| Mención de serie | Classiques Garnier. |
| 500 ## - NOTA GENERAL | |
| Nota general | At head of title: Montaigne. |
| 504 ## - NOTA DE BIBLIOGRAFÍA, ETC. | |
| Nota de bibliografía, etc. | "Notice bibliographique": v.1, p.[xxxviii]-xliii. |
| 700 1# - PUNTO DE ACCESO ADICIONAL--NOMBRE DE PERSONA | |
| Nombre de persona | Rat, Maurice, |
| Término indicativo de función/relación | ed. and tr. |
| 9 (RLIN) | 42463 |
| 910 ## - DATOS DE OPCIÓN DEL USUARIO (OCLC) | |
| Datos de opción del usuario | Catalogación derivada / LC |
| Estado de retiro | Estado de pérdida | Restricciones de uso | No para préstamo | Código de colección | Localización permanente | Ubicación/localización actual | Ubicación en estantería | Fecha de adquisición | Número de inventario | Total de préstamos | Signatura topográfica completa | Código de barras | Fecha visto por última vez | Precio válido a partir de | Tipo de ítem Koha |
|---|---|---|---|---|---|---|---|---|---|---|---|---|---|---|---|
| Excluido de préstamo | Monografías: Libros y Folletos | General | General | Depósito | 08.07.2010 | LF1 | 344.31 | 19907-10 | 25.06.2020 | 25.06.2020 | No se presta |
